| 000 | 00919nam a2200241 a 4500 | ||
|---|---|---|---|
| 001 | 45401 | ||
| 003 | BD-RjUL | ||
| 005 | 20211209054016.0 | ||
| 008 | 160726s2015 bg ||||| |||| 00| 0 ben d | ||
| 020 |
_a9789849162708 _c: Tk. 200.00 |
||
| 035 | _a(BD-RjUL) | ||
| 040 |
_aBD-RjUL _bben _cBD-RjUL _dBD-RjUL |
||
| 041 | _aben | ||
| 082 |
_223 _a954.924 _bLES 2015 |
||
| 100 |
_aলেমন, ইকবাল কবির _9139010 |
||
| 245 |
_aসোনাতলার ইতিহাস / _cইকবাল কবির লেমন |
||
| 260 |
_aবগড়া : _bপাতা প্রকাশ , _c২০১৫ |
||
| 300 |
_a১১২ পৃ. : _bচিত্র ; _c২১ সেমি. |
||
| 504 | _aতথ্য সূত্র সংযুক্ত | ||
| 650 |
_aবাংলাদেশ _zসোনাতলা _vইতিহাস _9139011 |
||
| 650 |
_aBangladesh _zSonatola _vHistory _9139012 |
||
| 942 |
_2ddc _cBK |
||
| 999 |
_c45401 _d45401 |
||